Online Catalogue and eLibrary

The New feminist criticism : (Record no. 175)

MARC details
000 -LEADER
fixed length control field 00695cam a2200241 a 4500
001 - CONTROL NUMBER
control field 952563
005 - DATE AND TIME OF LATEST TRANSACTION
control field 20231214045107.0
008 - FIXED-LENGTH DATA ELEMENTS--GENERAL INFORMATION
fixed length control field 841003s1985 nyu b 000 0 eng
020 ## - INTERNATIONAL STANDARD BOOK NUMBER
ISBN 0394539133
020 ## - INTERNATIONAL STANDARD BOOK NUMBER
ISBN 0394726472 (pbk.)
040 ## - CATALOGING SOURCE (பட்டியலாக்க மூலம்)
Original cataloging agency DLC
Transcribing agency DLC
Modifying agency DLC
082 00 - DDC Classification
Class No. 809/.89287
DDC Edition Number 19
245 04 - TITLE STATEMENT
Title The New feminist criticism :
Remainder of title essays on women, literature, and theory /
Statement of responsibility, etc. edited by Elaine Showalter.
250 ## - EDITION STATEMENT
Edition statement 1st ed.
260 ## - PUBLICATION, DISTRIBUTION, ETC.
Place of publication, distribution, etc. New York :
Name of publisher, distributor, etc. Pantheon,
Date of publication, distribution, etc. c1985.
300 ## - PHYSICAL DESCRIPTION
Extent (e.g. Volumes, Pages etc.) ix, 403 p. ;
650 #0 - SUBJECT ADDED ENTRY--TOPICAL TERM
Topical term or geographic name entry element Feminist literary criticism.
650 #0 - SUBJECT ADDED ENTRY--TOPICAL TERM
Topical term or geographic name entry element Literature
650 #0 - SUBJECT ADDED ENTRY--TOPICAL TERM
Topical term or geographic name entry element Feminism and literature.
650 #0 - SUBJECT ADDED ENTRY--TOPICAL TERM
Topical term or geographic name entry element Women and literature.
700 1# - ADDED ENTRY--PERSONAL NAME
Personal name Showalter, Elaine.
942 ## - Koha item type (Biblio)
Koha item type

No items available.

© WERC Library